000 00177 a2200097 4500
020 _a9788424179380
041 _aspa
100 _aSay, Allen
245 _aTe conleche
942 _cBK
999 _c6414
_d6414